000 00704nas a22002177a 4500
005 20260526162459.0
008 260526b2010 por|||p| |||| 00| z|por|d
040 _cBR-ViAPE
245 _amamãe&bebê
260 _aVitória
_bA Gazeta
_c2010
300 _av.
_bil.
310 _aIrregular
362 _aout. 2010).
500 _aDisponibilizada apenas a imagem da capa na versão digital, em virtude de restrições de direitos autorais.
500 _aColeção incompleta: disponíveis apenas alguns números do periódico.
650 _2Gravidez
_xSaúde
_xBebê
_zEspírito Santo
651 _aEspírito Santo (Brasil)
_vPeriódicos
710 _aA Gazeta
942 _2ddc
_cPER
_n1
999 _c717
_d717